| 000 | 00586pam a2200229 a 4500 | ||
|---|---|---|---|
| 001 | 3840311 | ||
| 005 | 20180213040043.0 | ||
| 008 | 870522r19871986nyua b 000 0 eng | ||
| 010 | _a 87014930 | ||
| 020 | _a086656666X | ||
| 040 |
_aDLC _cDLC _dDLC |
||
| 041 | _aeng | ||
| 043 | _an-us--- | ||
| 080 | _a361.3019 GIL | ||
| 082 | 0 | 0 |
_a361.3019 GIL _219 |
| 100 | _a50 | ||
| 101 | _aSOC | ||
| 245 | 0 | 0 |
_aBurnout among social workers / _cDavid F. Gillespie, editor. |
| 504 | _aIncludes bibliographies. | ||
| 906 |
_a7 _bcbc _corignew _d1 _eocip _f19 _gy-gencatlg |
||
| 942 |
_2ddc _cBK |
||
| 999 |
_c42354 _d42354 |
||